Phép tính vi phân và tích phân của hàm nhiều biến số Giáo trình cao đẵng sư phạm
Gespeichert in:
| 1. Verfasser: | |
|---|---|
| Format: | Buch |
| Veröffentlicht: |
Hà Nội
ĐH Sư phạm
2004
|
| Schlagworte: | |
| Tags: |
Tag hinzufügen
Keine Tags, Fügen Sie den ersten Tag hinzu!
|
| Thư viện lưu trữ: | Trung tâm Học liệu Lê Vũ Hùng, Trường Đại học Đồng Tháp |
|---|
| LEADER | 00896pam a22002418a 4500 | ||
|---|---|---|---|
| 001 | 00042362 | ||
| 005 | 20180919110948.0 | ||
| 008 | 110517s2005 ||||||Viesd | ||
| 041 | 0 | # | |a Vie |
| 082 | 1 | 4 | |a 515 |b PH206T |
| 100 | 0 | # | |a Nguyễn Mạnh Quý |
| 245 | 0 | 0 | |a Phép tính vi phân và tích phân của hàm nhiều biến số |b Giáo trình cao đẵng sư phạm |c Nguyễn Mạnh Quý,Nguyễn Xuân Liêm |
| 260 | # | # | |a Hà Nội |b ĐH Sư phạm |c 2004 |
| 300 | # | # | |a 444 tr. |c 24 cm. |
| 500 | # | # | |a Sách nhà nước đạt hàng |
| 650 | # | 4 | |a Phép tính tích phân |
| 650 | # | 4 | |a Phép tính vi phân |
| 653 | # | # | |a Giáo trình |
| 653 | # | # | |a Giải tích |
| 653 | # | # | |a Hàm nhiều biến |
| 852 | # | # | |j KGT.0055149 |
| 910 | 0 | # | |a nhnam |d 19/09/2018 |
| 980 | # | # | |a Trung tâm Học liệu Lê Vũ Hùng, Trường Đại học Đồng Tháp |